• 首页
  • 本馆介绍
  • 公告通知
  • 最新文献
  • 馆藏检索
  • 电子资源
  • 读者导购
  • 参考咨询
  • 我的图书馆
  • 登录
  • 详细信息显示
  • 放入我的书架
  • 预约/预借图书
  • 作者相关作品
  • 分类相关作品
  • 丛书相关作品
  • 出版社相关作品

书目信息

  • 表格格式
  • 工作单格式
  • 卡片格式
题名:
基层医生如何诊治常见急症
    
 
作者: 方彰林 编著
分册:  
出版信息: 北京   科学普及出版社  1983
页数: 396页
开本: 21cm
丛书名:
单 册:
中图分类: R505.97 , R505.1
科图分类:
主题词: 急症--治疗 , 内科学
电子资源:
ISBN:
000 00716nam0 2200265 45
001 0183006771
005 20040524111808.6
010    @dCNY1.20
091    @a14051.1038
100    @a19950607d1983 em y0chiy0121 ea
101 0  @achi
102    @aCN@b110000
105    @ay z 000yy
106    @ar
200 10 @a基层医生如何诊治常见急症@Aji ceng yi sheng ru he zhen zhi chang jian ji zheng@f方彰林编著
210    @a北京@c科学普及出版社@d1983
215    @a396页@d21cm
606    @a急症@x治疗
606 0  @a内科学
690    @aR505.97@v3
690    @aR505.1
701  0 @a方彰林@Afang zhang lin@4编著
801  0 @aCN@b上海图书馆@c20040524
801  2 @aCN@bNLC@c20040524
905    @f2@b147867-868@dR505.1@e31
    
    基层医生如何诊治常见急症/方彰林编著.-北京:科学普及出版社,1983
    396页;21cm
    
    
    ISBN :CNY1.20
    
●
相关链接 在E读中查询图书 在五车中查询图书 在当当中查询图书 在豆瓣中查询图书


正题名:基层医生如何诊治常见急症     索取号:R505.1/31         预约/预借

序号 登录号 条形码 馆藏地/架位号 状态 备注
1 0147866   000715195   第三借阅区/ [索取号:R505.1/31] 在馆    
2 0147867   000715177   密集书库/ [索取号:R505.1/31] 在馆    
3 0147868   000715202   第二样本阅览室/ [索取号:R505.1/31] 在馆    
唐山师范学院图书馆 欢迎您!
大连网信软件有限公司© 版权所有